Top 10 des communes de France par lettre - A - Statistiques

Statistiques générales
  • Ce quiz a été pris 220 fois
  • Le résultat moyen est 7 sur 10
Statistiques - réponses
Région Population Commune % Correct
Pays de la Loire 157.555 Angers
93%
Hauts-de-France 134.780 Amiens
82%
Provence-Alpes-Côte-d'Azur 147.933 Aix-en-Provence
80%
Auvergne-Rhône-Alpes 131.272 Annecy
80%
Provence-Alpes-Côte-d'Azur 91.760 Avignon
77%
Provence-Alpes-Côte-d'Azur 76.612 Antibes
65%
Île-de-France 107.135 Argenteuil
63%
Île-de-France 89.489 Aubervilliers
62%
Île-de-France 91.457 Asnières-sur-Seine
51%
Île-de-France 86.360 Aulnay-sous-Bois
37%
Aucun quiz correspondant
Distribution des résultats
% des personnes avec chaque résultat
Percentile par nombre de réponses
Votre historique - résultats
Vous n’avez pas pris ce quiz